000 00724nam a2200193 a 4500
001 000032207
005 20240301141636.0
008 110713s1942 dr r 000 0 spa d
040 _aDO-SdBNP
_bspa
_cBNPHU
082 _a616.994
_bM896d
100 1 _a Moscoso Puello, F. E.,
_q (Francisco Eujenio)
_d1885-1959
_958361
245 1 0 _aDos conferencias acerca del cancer /
_cF. E. Moscoso Puello.
260 _aCiudad Trujillo, República Dominicana :
_bMontalvo,
_c1942.
300 _a53 p. ;
_c25 cm.
590 _aInventariado, 2018/VM
650 4 _aCáncer
_xHistoria
_vENSAYOS, CONFERENCIAS, ETC.
_958283
650 4 _aCáncer
_xDiagnóstico
_vENSAYOS, CONFERENCIAS, ETC.
_958277
910 _aValidado. Control de calidad MFF
999 _c31698
_d31698